000 00613nam a2200205 i 4500
001 19559
003 ES-MaACL
005 20230906152124.0
007 t|
008 021003s1955 sp ||||1| spa d
100 0 _aAbbagnano, Nicola
_917999
245 1 0 _aHistoria de la filosofía /
_cNicola Abbagnano ; traducción de Juan Estelrich.
250 _a1ª ed.
260 _aBarcelona :
_bMontaner y Simón,
_c1955.
300 _a3 v., 47 lám. ;
_c25 cm.
650 4 _aFilosofía-
_vHistoria.
_9158248
700 1 _aEstelrich, Joan.
_948103
852 _aES-MaACL
_jB-4691-93
_bR.38707
999 _c19559
_d19559